|
|
|
|
| LEADER |
00666nab a2200181 i 4500 |
| 001 |
acta14325 |
| 005 |
20210409145418.0 |
| 008 |
161015s1971 hu o 0|| eng d |
| 022 |
|
|
|a 0001-6969
|
| 040 |
|
|
|a SZTE Egyetemi Kiadványok Repozitórium
|b hun
|
| 041 |
|
|
|a eng
|
| 100 |
1 |
|
|a Williams George B.
|
| 245 |
1 |
0 |
|a S-objects in an abelian category
|h [elektronikus dokumentum] /
|c Williams George B.
|
| 260 |
|
|
|c 1971
|
| 300 |
|
|
|a 351-358
|
| 490 |
0 |
|
|a Acta scientiarum mathematicarum
|v 32 No. 3-4
|
| 695 |
|
|
|a Abel Niels Henrik, Természettudomány, Matematika, Művelődés
|
| 856 |
4 |
0 |
|u http://acta.bibl.u-szeged.hu/14325/1/math_032_fasc_003_004_351-358.pdf
|z Dokumentum-elérés
|